000 00660nam a2200241 i 4500
001 C2-0219066
003 PPAK
005 20180728111341.0
008 990822s1998 my |||| ||||| | may d
020 _a983931534X
040 _aPPAK
_beng
_cPPAK
_erda
082 0 4 _a305.235
_2 23
090 0 0 _a305.235
_bZUL
_dG
100 0 _aZulkifilee Yazid,
_eauthor
245 1 0 _aJatidiri & erti hidup :
_bisu psikologi remaja masakini
264 1 _aBatu Caves, Selangor :
_bAlbaz ,
_c1998
300 _a140 pages ;
_c23 cm
336 _2rdacontent
_atext
337 _2rdamedia
_aunmediated
338 _2rdacarrier
_avolume
650 1 0 _aYouth
942 _ddc
_cB
999 _c161712
_d161712